000 00290nam a22001097a 4500
020 _a9780132333337
082 _a428.24 AZA
245 _aUnderstanding and using English grammar
_b Azar, Betty Schrampfer
260 _aNew York
_bPearson Education
_c2009
590 _a....
942 _2ddc
_cBK
999 _c617069
_d617069